[Event "78th ch-ESP 2013"]
[Site "Linares ESP"]
[Date "2013.08.29"]
[Round "1.1"]
[White "Barrenechea Bahamonde, Gustavo"]
[Black "Korneev, Oleg"]
[Result "0-1"]
[WhiteElo "2183"]
[BlackElo "2625"]
[PlyCount "46"]
[EventDate "2013.08.29"]

1. e4 c5 2. d4 cxd4 3. c3 Nf6 4. e5 Nd5 5. Nf3 e6 6. cxd4 d6 7. a3 Bd7 8. Bd3
Bc6 9. O-O Nd7 10. b4 a6 11. Nbd2 Nc3 12. Qe1 dxe5 13. Ne4 Nxe4 14. Bxe4 Bb5
15. dxe5 Qb8 16. Bb2 Be7 17. Rd1 O-O 18. Qe3 a5 19. Nd4 Bxf1 20. Qh3 g6 21.
Nxe6 Bc4 22. Rxd7 Bxe6 23. Qh6 Rd8 0-1

[Event "78th ch-ESP 2013"]
[Site "Linares ESP"]
[Date "2013.08.29"]
[Round "1.2"]
[White "Salgado Lopez, Ivan"]
[Black "Galvez Extremera, Francisco"]
[Result "1-0"]
[WhiteElo "2614"]
[BlackElo "2180"]
[PlyCount "45"]
[EventDate "2013.08.29"]

1. d4 Nf6 2. c4 e5 3. dxe5 Ng4 4. e3 Nxe5 5. f4 Ng6 6. Nc3 Bb4 7. Nge2 a5 8. a3
Be7 9. Ng3 d6 10. Bd3 Nd7 11. O-O O-O 12. e4 Nc5 13. Bc2 Bd7 14. Be3 Bf6 15. e5
Be7 16. Bxc5 dxc5 17. Qh5 f6 18. Rad1 fxe5 19. f5 Nf4 20. Rxf4 exf4 21. f6 Rxf6
22. Qxh7+ Kf7 23. Nh5 1-0

[Event "78th ch-ESP 2013"]
[Site "Linares ESP"]
[Date "2013.08.29"]
[Round "1.3"]
[White "Lorente Penalva, Diego"]
[Black "Illescas Cordoba, Miguel"]
[Result "0-1"]
[WhiteElo "2178"]
[BlackElo "2608"]
[PlyCount "98"]
[EventDate "2013.08.29"]

1. e4 e6 2. d3 d5 3. Nd2 c5 4. g3 Bd6 5. Bg2 Ne7 6. Ngf3 Nbc6 7. O-O O-O 8. Re1
Bc7 9. Nf1 d4 10. h4 e5 11. h5 f6 12. Nh4 Ba5 13. Bd2 Bxd2 14. Nxd2 Qc7 15. g4
Nd8 16. Nf1 Ne6 17. Ng3 Nf4 18. Bf3 Nc6 19. Ng2 Nh3+ 20. Kh2 Ng5 21. Be2 Nd8
22. Qd2 Nde6 23. f3 g6 24. Rg1 Bd7 25. Raf1 Nf4 26. Nxf4 exf4 27. Nh1 Nf7 28.
Nf2 Be6 29. hxg6 hxg6 30. Kg2 b5 31. Rh1 Kg7 32. Rh2 Rh8 33. Rfh1 Rxh2+ 34.
Rxh2 g5 35. b3 a5 36. Qe1 Ne5 37. Qh1 Bg8 38. Rh8 Nf7 39. Rh5 Qe5 40. Nd1 a4
41. Nb2 axb3 42. axb3 Qc7 43. Qe1 Ra2 44. Qb1 Qa5 45. Rh1 Qa3 46. Nd1 Ra1 47.
Qb2 b4 48. Rf1 Ne5 49. Rh1 Rc1 0-1

[Event "78th ch-ESP 2013"]
[Site "Linares ESP"]
[Date "2013.08.29"]
[Round "1.4"]
[White "Arizmendi Martinez, Julen Luis"]
[Black "Romero Berruezo, Francisco"]
[Result "1-0"]
[WhiteElo "2577"]
[BlackElo "2154"]
[PlyCount "77"]
[EventDate "2013.08.29"]

1. d4 Nf6 2. c4 e6 3. Nc3 Bb4 4. e3 O-O 5. Bd3 d5 6. Nf3 dxc4 7. Bxc4 c5 8. O-O
Nbd7 9. a3 cxd4 10. axb4 dxc3 11. bxc3 Qc7 12. Be2 b6 13. c4 Bb7 14. Nd4 a6 15.
Ba3 Rfd8 16. Qb3 Ne5 17. f3 Nc6 18. Bb2 Ne7 19. Rfd1 e5 20. Nc2 Ng6 21. e4 Nf4
22. Bf1 Ne6 23. Ne3 Rxd1 24. Rxd1 Re8 25. Nd5 Nxd5 26. exd5 Nf8 27. Qe3 Nd7 28.
Ba3 Nf6 29. d6 Qc6 30. b5 axb5 31. cxb5 Qd7 32. Qxb6 e4 33. fxe4 Bxe4 34. Qc7
Rd8 35. Re1 h5 36. Bb2 Bf5 37. Bxf6 gxf6 38. Re7 Qxd6 39. Re8+ 1-0

[Event "78th ch-ESP 2013"]
[Site "Linares ESP"]
[Date "2013.08.29"]
[Round "1.5"]
[White "Arboledas Fernandez, Antonio A"]
[Black "Anton Guijarro, David"]
[Result "1/2-1/2"]
[WhiteElo "2149"]
[BlackElo "2570"]
[PlyCount "148"]
[EventDate "2013.08.29"]

1. e4 c5 2. Nf3 d6 3. d3 Nc6 4. Be2 g6 5. c3 Nf6 6. h3 Bg7 7. Be3 O-O 8. O-O b6
9. Qc1 Re8 10. c4 Nd7 11. Nc3 a6 12. Bh6 Nd4 13. Bd1 Rb8 14. Bxg7 Kxg7 15. Nxd4
cxd4 16. Ne2 e5 17. f4 b5 18. cxb5 Rxb5 19. Bb3 f6 20. Bc4 Rb8 21. b3 Nb6 22.
Ng3 Nxc4 23. bxc4 Bd7 24. Rf2 Rf8 25. Qa3 Qb6 26. Raf1 Qb4 27. Qc1 Qc5 28. f5
g5 29. h4 h6 30. Nh5+ Kf7 31. Qd1 Be8 32. Rf3 Rb2 33. R1f2 Rxf2 34. Rxf2 Qa3
35. Ng3 gxh4 36. Nf1 Ke7 37. Qb1 Rg8 38. Rb2 Bd7 39. Rb7 Qc5 40. Kh1 Qc8 41.
Qb6 Qc5 42. Qxa6 Rc8 43. Nd2 Rc6 44. Qb5 h3 45. g3 Qxb5 46. Rxb5 Ra6 47. Rb2
Ba4 48. Kh2 Bd1 49. Nb3 Bg4 50. Nc1 Kd7 51. Rb4 Kc7 52. Rb3 Ra8 53. Rb5 Rg8 54.
a4 Ra8 55. a5 Bh5 56. Kxh3 Be8 57. Rb2 Rxa5 58. Na2 Bc6 59. Kg4 Ra8 60. Nb4
Rg8+ 61. Kf3 Bb7 62. Rh2 Rh8 63. Kg4 Rg8+ 64. Kh4 Kb6 65. Rb2 Kc7 66. g4 Rg5
67. Ra2 Rg8 68. Nd5+ Bxd5 69. cxd5 Kb6 70. Rc2 Kb5 71. Rb2+ Kc5 72. Rb7 Ra8 73.
Rb3 Rg8 74. Rb2 Rg7 1/2-1/2

[Event "78th ch-ESP 2013"]
[Site "Linares ESP"]
[Date "2013.08.29"]
[Round "1.6"]
[White "Perez Candelario, Manuel"]
[Black "Vega Gutierrez, Belinda"]
[Result "1-0"]
[WhiteElo "2569"]
[BlackElo "2148"]
[PlyCount "73"]
[EventDate "2013.08.29"]

1. e4 e5 2. Bc4 Nc6 3. Nc3 Nf6 4. d3 d6 5. f4 Be7 6. Nf3 O-O 7. f5 Na5 8. a3
Nxc4 9. dxc4 c6 10. O-O Qb6+ 11. Kh1 Rd8 12. Qe2 h6 13. b3 Qc7 14. Bb2 b6 15.
Rae1 Bb7 16. Rg1 Nh7 17. h4 f6 18. Rd1 Rd7 19. Rd3 Rad8 20. Rgd1 Qc8 21. Nh2
Bf8 22. Ng4 d5 23. exd5 cxd5 24. Nxd5 Bxd5 25. cxd5 Rc7 26. Ne3 Bc5 27. d6 Rcd7
28. Nc4 Kh8 29. a4 a6 30. b4 Bxb4 31. Nxb6 Qc6 32. Nxd7 Rxd7 33. Qg4 a5 34. c3
Bc5 35. Qc4 Qb6 36. Rd5 Bf2 37. Rb5 1-0

[Event "78th ch-ESP 2013"]
[Site "Linares ESP"]
[Date "2013.08.29"]
[Round "1.7"]
[White "Lopez Mulet, Inigo"]
[Black "Alonso Rosell, Alvar"]
[Result "0-1"]
[WhiteElo "2120"]
[BlackElo "2550"]
[PlyCount "52"]
[EventDate "2013.08.29"]

1. d4 d5 2. c4 c6 3. Nf3 Nf6 4. Nc3 e6 5. g3 dxc4 6. Bg2 b5 7. Ne5 a6 8. Nxc6
Qb6 9. a4 Bb7 10. d5 Nxc6 11. Be3 Bc5 12. dxc6 Bxc6 13. O-O Bxg2 14. Bxc5 Qxc5
15. Kxg2 b4 16. Nb1 O-O 17. Qc2 Qd5+ 18. Kg1 Rfd8 19. a5 Ne4 20. Rc1 Nc5 21. e4
Nxe4 22. Qxc4 Qb7 23. h4 Rac8 24. Qf1 Qa7 25. Rxc8 Rxc8 26. Qg2 Rc1+ 0-1

[Event "78th ch-ESP 2013"]
[Site "Linares ESP"]
[Date "2013.08.29"]
[Round "1.8"]
[White "Lopez Martinez, Josep Manuel"]
[Black "Pena Torres, Jose Carlos"]
[Result "1-0"]
[WhiteElo "2547"]
[BlackElo "2091"]
[PlyCount "70"]
[EventDate "2013.08.29"]

1. e4 e6 2. d4 d5 3. Nd2 c5 4. Ngf3 cxd4 5. Nxd4 Nc6 6. Nxc6 bxc6 7. Bd3 Bd6 8.
O-O Ne7 9. f4 Ba6 10. e5 Bc5+ 11. Kh1 Bxd3 12. cxd3 O-O 13. Nb3 Bb6 14. d4 a5
15. a4 Rc8 16. Be3 f6 17. Qd3 Nf5 18. Bd2 fxe5 19. fxe5 Qc7 20. Rfc1 Qa7 21.
Nc5 Rfe8 22. b4 axb4 23. Bxb4 Qf7 24. Rab1 Ra8 25. Ra1 Rec8 26. a5 Bd8 27. Rf1
Qg6 28. Nxe6 Qxe6 29. Qxf5 Qxf5 30. Rxf5 c5 31. Bxc5 Bxa5 32. g3 g6 33. Rf6 Bc7
34. Rxa8 Rxa8 35. e6 Bb6 1-0

[Event "78th ch-ESP 2013"]
[Site "Linares ESP"]
[Date "2013.08.29"]
[Round "1.9"]
[White "Vella Ramirez, Alfonso"]
[Black "Ibarra Jerez, Jose Carlos"]
[Result "0-1"]
[WhiteElo "2087"]
[BlackElo "2538"]
[PlyCount "46"]
[EventDate "2013.08.29"]

1. f4 d5 2. b3 Nf6 3. Bb2 g6 4. Nf3 Bg7 5. e3 O-O 6. Be2 c5 7. O-O Qc7 8. Qe1
Nc6 9. Qh4 a6 10. d3 b5 11. Nbd2 Qb6 12. c4 Nb4 13. Rfc1 dxc4 14. dxc4 Rd8 15.
Nf1 Bb7 16. Ne5 Be4 17. Qe1 Nc2 18. Rxc2 Bxc2 19. cxb5 axb5 20. Qc3 Be4 21. a4
Nd5 22. Qc1 c4 23. Bd4 Nxf4 0-1

[Event "78th ch-ESP 2013"]
[Site "Linares ESP"]
[Date "2013.08.29"]
[Round "1.11"]
[White "Perera Borrego, Mariela"]
[Black "Narciso Dublan, Marc"]
[Result "0-1"]
[WhiteElo "2062"]
[BlackElo "2505"]
[PlyCount "99"]
[EventDate "2013.08.29"]

1. d4 f5 2. Nf3 e6 3. g3 Nf6 4. Bg2 d5 5. O-O Bd6 6. c4 O-O 7. Nc3 c6 8. Qc2
Qe7 9. a3 Nbd7 10. b4 Ne4 11. Rb1 h6 12. b5 g5 13. Nd2 Nxc3 14. Qxc3 Nf6 15.
bxc6 bxc6 16. cxd5 cxd5 17. Qc6 Bd7 18. Qa6 Rfb8 19. Rxb8+ Rxb8 20. Qxa7 Qd8
21. a4 Ra8 22. Qb7 Rxa4 23. Qb2 Qa8 24. Nf3 Ra2 25. Qb6 Qb8 26. Qxb8+ Bxb8 27.
h4 gxh4 28. Nxh4 Kg7 29. Bf3 Ne4 30. Be3 Nc3 31. Rc1 Nb5 32. Rb1 Ba7 33. Ng2
Ra4 34. Nf4 Kf6 35. Nh5+ Ke7 36. Bxh6 Nxd4 37. Bg5+ Kd6 38. Rb7 Kc6 39. Rb2
Nxf3+ 40. exf3 Bd4 41. Re2 Kd6 42. Bh6 Bb5 43. Rd2 Bc3 44. Bf8+ Kd7 45. Rc2 d4
46. Bh6 Ra1+ 47. Kg2 Ba4 48. Re2 d3 49. Re3 Bc2 50. Nf6+ 0-1

[Event "78th ch-ESP 2013"]
[Site "Linares ESP"]
[Date "2013.08.29"]
[Round "1.12"]
[White "Larino Nieto, David"]
[Black "Arroyo Rodriguez, Jesus"]
[Result "1-0"]
[WhiteElo "2491"]
[BlackElo "2054"]
[PlyCount "75"]
[EventDate "2013.08.29"]

1. d4 f5 2. g4 e6 3. gxf5 exf5 4. e4 d6 5. exf5 Bxf5 6. Nc3 Nf6 7. Qf3 Qe7+ 8.
Be3 Be4 9. Nxe4 Qxe4 10. Qxe4+ Nxe4 11. Bg2 d5 12. Bxe4 dxe4 13. Ne2 Bb4+ 14.
c3 Bd6 15. Ng3 Bxg3 16. hxg3 O-O 17. Rh4 Re8 18. Bf4 c6 19. Be5 Nd7 20. Rxe4
Re6 21. Kd2 a5 22. a4 Rd8 23. Bc7 Rxe4 24. Bxd8 b6 25. Re1 Rxe1 26. Kxe1 Kf7
27. Ke2 Ke6 28. Kd3 Kd5 29. b3 c5 30. c4+ Kd6 31. d5 Ke5 32. Ke3 Kf5 33. f3 h5
34. Bc7 g5 35. Bd8 g4 36. f4 Nf6 37. Bxf6 Kxf6 38. Ke4 1-0

[Event "78th ch-ESP 2013"]
[Site "Linares ESP"]
[Date "2013.08.29"]
[Round "1.13"]
[White "Jimenez De La Torre, Jose A"]
[Black "Perez Mitjans, Orelvis"]
[Result "0-1"]
[WhiteElo "2038"]
[BlackElo "2475"]
[PlyCount "94"]
[EventDate "2013.08.29"]

1. e4 d5 2. exd5 Qxd5 3. Nc3 Qa5 4. Bc4 Nf6 5. d3 Bg4 6. f3 Bd7 7. Bd2 Qb6 8.
Qe2 e6 9. O-O-O Bc5 10. Ne4 Nxe4 11. fxe4 Nc6 12. Nf3 f6 13. c3 Na5 14. d4 Nxc4
15. Qxc4 Be7 16. Bf4 O-O-O 17. Rhe1 Bb5 18. Qb3 Qa6 19. Qc2 Qxa2 20. b3 Qa6 21.
Kb1 g5 22. Bg3 h5 23. c4 Be8 24. Qa2 Qxa2+ 25. Kxa2 h4 26. Bf2 Bh5 27. h3 g4
28. hxg4 Bxg4 29. Rd3 Bxf3 30. Rxf3 Rdg8 31. Rg1 Rg4 32. e5 fxe5 33. dxe5 Rd8
34. Be3 Rd3 35. Kb2 Rxe3 36. Rxe3 Bc5 37. Ree1 Bxg1 38. Rxg1 Rg3 39. Rh1 Rxg2+
40. Kc3 Rg3+ 41. Kd4 h3 42. b4 Rg4+ 43. Kd3 Rh4 44. Rh2 Kd7 45. b5 c6 46. Kc3
cxb5 47. cxb5 Kc7 0-1

[Event "78th ch-ESP 2013"]
[Site "Linares ESP"]
[Date "2013.08.29"]
[Round "1.14"]
[White "Almagro Llamas, Pablo"]
[Black "Ruiz Casado, Francisco Javier"]
[Result "1-0"]
[WhiteElo "2474"]
[BlackElo "2029"]
[PlyCount "67"]
[EventDate "2013.08.29"]

1. e4 c6 2. d4 d6 3. Nc3 e5 4. Nf3 Nd7 5. Bc4 Be7 6. O-O Ngf6 7. a4 O-O 8. Ba2
h6 9. Qe2 Qe8 10. Rd1 Kh8 11. h3 Nh7 12. Be3 Bf6 13. dxe5 dxe5 14. Nd2 Qe7 15.
Nc4 Nc5 16. Nd6 Ne6 17. Nf5 Qb4 18. Qc4 Qxc4 19. Bxc4 Bg5 20. Bxg5 hxg5 21. a5
Nf6 22. f3 Nf4 23. Nd6 Ne6 24. Na4 Rb8 25. Nxc8 Rfxc8 26. Bxe6 fxe6 27. Nc5 Kh7
28. Rd6 Kg6 29. Nd3 Kh5 30. Rxe6 Rd8 31. Rxe5 b6 32. axb6 axb6 33. Ra7 Ra8 34.
Rxg7 1-0

[Event "78th ch-ESP 2013"]
[Site "Linares ESP"]
[Date "2013.08.29"]
[Round "1.20"]
[White "Astasio Lopez, David"]
[Black "Sarto Ramos, Angel"]
[Result "1-0"]
[WhiteElo "2392"]
[BlackElo "2002"]
[PlyCount "55"]
[EventDate "2013.08.29"]

1. d4 g6 2. Nf3 Bg7 3. e4 c5 4. d5 d6 5. c4 Nf6 6. Nc3 O-O 7. Be2 a6 8. O-O e5
9. dxe6 fxe6 10. e5 Ne8 11. Ne4 b6 12. Bg5 Qd7 13. Nxd6 Nxd6 14. Qxd6 Qxd6 15.
exd6 Nc6 16. Rad1 Bd7 17. Rd2 Rae8 18. Rfd1 Rf7 19. Bd3 Ref8 20. Be4 Nd4 21.
Be3 Nxf3+ 22. Bxf3 Rxf3 23. gxf3 Rxf3 24. Rd3 Be5 25. Rb3 Rh3 26. Rxb6 Bxh2+
27. Kg2 Rh4 28. Rh1 1-0

[Event "78th ch-ESP 2013"]
[Site "Linares ESP"]
[Date "2013.08.29"]
[Round "1.21"]
[White "Cucarella Montell, Angels"]
[Black "Matnadze, Ana"]
[Result "0-1"]
[WhiteElo "1996"]
[BlackElo "2390"]
[PlyCount "50"]
[EventDate "2013.08.29"]

1. e4 c6 2. d4 g6 3. Nc3 d5 4. e5 h5 5. f4 Bg4 6. Nf3 e6 7. Be3 Nh6 8. h3 Nf5
9. Bf2 Bxf3 10. Qxf3 h4 11. O-O-O a6 12. Bd3 Nd7 13. Bxf5 gxf5 14. g4 hxg3 15.
Bxg3 Qa5 16. Kb1 O-O-O 17. h4 c5 18. h5 cxd4 19. Ne2 Bc5 20. Bf2 d3 21. Rxd3
Kb8 22. h6 Rdg8 23. Bxc5 Nxc5 24. Ra3 Qb4 25. Rh5 Rg1+ 0-1

[Event "78th ch-ESP 2013"]
[Site "Linares ESP"]
[Date "2013.08.29"]
[Round "1.22"]
[White "Alvarez Fernandez, Enrique"]
[Black "Alvarez Morales, Miguel"]
[Result "1/2-1/2"]
[WhiteElo "2385"]
[BlackElo "1983"]
[PlyCount "78"]
[EventDate "2013.08.29"]

1. d4 Nf6 2. Bg5 c6 3. Bxf6 exf6 4. c4 d5 5. cxd5 Qxd5 6. Nc3 Qa5 7. e3 g6 8.
Nge2 Na6 9. a3 Be6 10. b4 Qd8 11. Nf4 Nc7 12. Be2 Bg7 13. O-O O-O 14. Qc2 Rc8
15. Rfc1 f5 16. Bf3 Bh6 17. g3 Bxf4 18. gxf4 Nd5 19. Nxd5 Bxd5 20. Qe2 Qd7 21.
Rc3 Rfe8 22. Rac1 Bxf3 23. Qxf3 a6 24. Rc5 Qe6 25. Qe2 Qb3 26. R1c3 Qb1+ 27.
Qf1 Qxf1+ 28. Kxf1 Rcd8 29. a4 Re7 30. Re5 Red7 31. Ke2 f6 32. Kd3 Kf7 33. Kc4
Rd5 34. f3 b6 35. h4 a5 36. bxa5 Rxa5 37. Kb4 Ra7 38. Rd3 c5+ 39. dxc5 bxc5+
1/2-1/2

[Event "78th ch-ESP 2013"]
[Site "Linares ESP"]
[Date "2013.08.29"]
[Round "1.23"]
[White "Boutahar Belgasi, Tarik"]
[Black "Suarez Garcia, Carlos"]
[Result "0-1"]
[WhiteElo "1980"]
[BlackElo "2321"]
[PlyCount "70"]
[EventDate "2013.08.29"]

1. Nf3 Nf6 2. g3 e6 3. Bg2 d5 4. d4 Be7 5. O-O O-O 6. c4 dxc4 7. Ne5 Nc6 8.
Nxc6 bxc6 9. Nc3 Rb8 10. e4 c5 11. d5 exd5 12. exd5 Bf5 13. Re1 Re8 14. Bf1 Nd7
15. Qf3 Bg6 16. Bxc4 Bf6 17. Rxe8+ Qxe8 18. Qe2 Nb6 19. Bb5 Qxe2 20. Bxe2 Bxc3
21. bxc3 Nxd5 22. Ba3 Nxc3 23. Bc4 Rb1+ 24. Rxb1 Bxb1 25. Bxc5 Bxa2 26. Ba6 Na4
27. Bxa7 Bd5 28. Bd3 Nb6 29. Bb8 Na8 30. Ba7 g6 31. Kf1 Kf8 32. Ke2 Ke7 33.
Bc5+ Ke6 34. h4 Nb6 35. Bb5 Bc4+ 0-1

[Event "78th ch-ESP 2013"]
[Site "Linares ESP"]
[Date "2013.08.29"]
[Round "1.24"]
[White "Sanchez Aller, Fernando"]
[Black "Sanchez Moreno, Jose Carlos"]
[Result "1-0"]
[WhiteElo "2320"]
[BlackElo "1958"]
[PlyCount "53"]
[EventDate "2013.08.29"]

1. e4 c5 2. Nf3 a6 3. g3 e6 4. Bg2 Nc6 5. O-O Nge7 6. c3 Qc7 7. d4 Ng6 8. d5
Nce5 9. Nxe5 Nxe5 10. f4 Ng6 11. e5 d6 12. dxe6 fxe6 13. Qh5 Qf7 14. Nd2 Nxe5
15. Qe2 Ng6 16. Nc4 Qc7 17. f5 Ne5 18. Nxe5 dxe5 19. f6 gxf6 20. Rxf6 Qg7 21.
Qh5+ Kd8 22. Bg5 Be7 23. Rd1+ Bd7 24. Rf7 Qxg5 25. Rxd7+ Kc8 26. Qxg5 Bxg5 27.
Bxb7+ 1-0

[Event "78th ch-ESP 2013"]
[Site "Linares ESP"]
[Date "2013.08.29"]
[Round "1.25"]
[White "Mercado Larrea, Adrian"]
[Black "Navarro Lopez-Menchero, Daniel"]
[Result "1/2-1/2"]
[WhiteElo "1936"]
[BlackElo "2318"]
[PlyCount "110"]
[EventDate "2013.08.29"]

1. d4 d5 2. c4 dxc4 3. e3 e6 4. Bxc4 a6 5. Nf3 Nf6 6. O-O b5 7. Be2 Bb7 8. Nc3
Nbd7 9. a3 c5 10. dxc5 Nxc5 11. b4 Nce4 12. Nxe4 Bxe4 13. Qxd8+ Rxd8 14. Bb2
Bd6 15. Rac1 O-O 16. Rfd1 Bd5 17. Nd2 Nd7 18. Bf3 Bxf3 19. Nxf3 Nb6 20. Be5 Be7
21. Rxd8 Rxd8 22. Bd4 Nc4 23. Ne5 Nxe5 24. Bxe5 f6 25. Bd4 Kf7 26. Kf1 e5 27.
Bc3 Ke6 28. Ke2 a5 29. Be1 a4 30. e4 g6 31. f3 f5 32. Bf2 Bd6 33. Be3 f4 34.
Bf2 g5 35. Bc5 Rc8 36. Be3 Rd8 37. Bc5 Rc8 38. Be3 Rxc1 39. Bxc1 h5 40. h3 Bc7
41. Bb2 Bb6 42. Kd1 Kf6 43. Ke2 Be3 44. Kd1 Bg1 45. Ke2 Be3 46. Kd1 Ba7 47. Ke2
Bb8 48. Bc3 Bc7 49. Be1 Kg6 50. Bf2 Bd6 51. Kd1 g4 52. Ke2 Kg5 53. Kd1 Be7 54.
Ke2 Bd6 55. Kd1 Be7 1/2-1/2

[Event "78th ch-ESP 2013"]
[Site "Linares ESP"]
[Date "2013.08.29"]
[Round "1.26"]
[White "Torres Ventosa, Pedro Eugenio"]
[Black "Lerma Moreno, Juan Manuel"]
[Result "1-0"]
[WhiteElo "2317"]
[BlackElo "1923"]
[PlyCount "93"]
[EventDate "2013.08.29"]

1. e4 e6 2. d4 d5 3. Nd2 c5 4. Ngf3 cxd4 5. exd5 exd5 6. Nb3 Bb4+ 7. Bd2 Qe7+
8. Be2 d3 9. cxd3 Nf6 10. O-O Bxd2 11. Qxd2 O-O 12. Rfe1 Nc6 13. Rac1 Qb4 14.
Qxb4 Nxb4 15. a3 Nc6 16. Nfd4 Nxd4 17. Nxd4 b6 18. b4 Bd7 19. Rc7 Rfc8 20. Rec1
Ne8 21. Rxc8 Bxc8 22. Bf3 Nf6 23. h3 Kf8 24. Rc7 Ne8 25. Rxf7+ Kxf7 26. Bxd5+
Kf6 27. Bxa8 Bd7 28. f4 Nd6 29. Kf2 a5 30. g4 h6 31. Ke3 g5 32. f5 axb4 33.
axb4 h5 34. Ne2 Nb5 35. Ng3 hxg4 36. hxg4 Nd6 37. Kd4 Ba4 38. Kd5 Nf7 39. Ne4+
Ke7 40. Nc3 Bc2 41. Kd4 Kd6 42. Bd5 Nh6 43. Ne4+ Ke7 44. f6+ Kf8 45. Nxg5 Bd1
46. Nh7+ Ke8 47. g5 1-0

[Event "78th ch-ESP 2013"]
[Site "Linares ESP"]
[Date "2013.08.29"]
[Round "1.28"]
[White "Alvarado Diaz, Alejandro"]
[Black "Gonzalez del Campo, Diego"]
[Result "1-0"]
[WhiteElo "2313"]
[BlackElo "1913"]
[PlyCount "95"]
[EventDate "2013.08.29"]

1. d4 f5 2. c4 Nf6 3. Nc3 d6 4. g3 g6 5. Bg2 Bg7 6. Nf3 O-O 7. O-O Nc6 8. d5
Ne5 9. Nxe5 dxe5 10. Qb3 Nd7 11. Qa3 e4 12. Bg5 Re8 13. f3 h6 14. Bd2 Nb6 15.
Qb3 exf3 16. exf3 Qd6 17. Be3 Qd8 18. Rad1 Kh7 19. a4 Nd7 20. Rfe1 e5 21. c5 c6
22. dxc6 bxc6 23. Rd6 Qe7 24. Rxc6 Rb8 25. Qa3 Bb7 26. Rd6 e4 27. f4 Nf6 28. c6
Bc8 29. Bc5 Qf7 30. b4 Bf8 31. b5 Bxd6 32. Bxd6 Ra8 33. Qc5 Be6 34. a5 Rac8 35.
Rb1 Bb3 36. c7 Qc4 37. b6 axb6 38. axb6 Qxc5+ 39. Bxc5 Nd5 40. Rxb3 Nxc7 41.
bxc7 Rxc7 42. Bd4 Rd7 43. Be5 Ra8 44. h4 Ra1+ 45. Kh2 Rd2 46. Nxe4 Rxg2+ 47.
Kxg2 Ra2+ 48. Nf2 1-0

[Event "78th ch-ESP 2013"]
[Site "Linares ESP"]
[Date "2013.08.29"]
[Round "1.29"]
[White "Zorrilla Leonardo, Victor M"]
[Black "Andres Gonzalez, Ivan"]
[Result "0-1"]
[WhiteElo "1890"]
[BlackElo "2311"]
[PlyCount "88"]
[EventDate "2013.08.29"]

1. d4 Nf6 2. Nf3 c5 3. c3 b6 4. Bf4 Bb7 5. e3 d6 6. Nbd2 Nbd7 7. h3 g6 8. Be2
Bg7 9. O-O O-O 10. a4 a6 11. Re1 Rc8 12. Qb3 Bd5 13. c4 Bb7 14. d5 Rb8 15. e4
Qc7 16. Qc2 Ne5 17. Bh2 e6 18. Nxe5 dxe5 19. Nf3 Ne8 20. dxe6 f6 21. Nh4 Qe7
22. Bg4 Nc7 23. Nf5 gxf5 24. exf5 Rbd8 25. f4 e4 26. Kf1 a5 27. Bg1 Na6 28.
Red1 Nb4 29. Qf2 Nd3 30. Qd2 Rd6 31. Be3 Rfd8 32. Qe2 Nb4 33. Bh5 Bc6 34. Bf7+
Kh8 35. Qh5 Nc2 36. Bf2 Nxa1 37. Rxa1 Be8 38. Bg6 h6 39. Re1 Bxg6 40. fxg6 Qxe6
41. f5 Qxc4+ 42. Kg1 Rd3 43. Bh4 Qd4+ 44. Kh2 Qd6+ 0-1

[Event "78th ch-ESP 2013"]
[Site "Linares ESP"]
[Date "2013.08.29"]
[Round "1.30"]
[White "Shen, Yue"]
[Black "Valero Gutierrez, Alvaro"]
[Result "1-0"]
[WhiteElo "2283"]
[BlackElo "1886"]
[PlyCount "55"]
[EventDate "2013.08.29"]

1. d4 Nf6 2. c4 c5 3. d5 e5 4. Nc3 d6 5. e4 Nbd7 6. Nf3 g6 7. Be2 Bg7 8. a3 a6
9. Nd2 O-O 10. h4 h5 11. Nf1 Rb8 12. a4 b6 13. Ne3 Nh7 14. g4 hxg4 15. Nxg4 f5
16. Nh6+ Kh8 17. h5 Ng5 18. Bxg5 Qxg5 19. Nf7+ Rxf7 20. hxg6+ Bh6 21. gxf7 Nf6
22. exf5 Bxf5 23. Bd3 Kg7 24. Bxf5 Qxf5 25. Qh5 Qf4 26. Rd1 Qg5 27. Ke2 Rh8 28.
a5 1-0

[Event "78th ch-ESP 2013"]
[Site "Linares ESP"]
[Date "2013.08.30"]
[Round "2.1"]
[White "Korneev, Oleg"]
[Black "Torres Ventosa, Pedro Eugenio"]
[Result "1-0"]
[WhiteElo "2625"]
[BlackElo "2317"]
[PlyCount "107"]
[EventDate "2013.08.29"]

1. e4 d6 2. d4 Nf6 3. Nc3 e5 4. dxe5 dxe5 5. Qxd8+ Kxd8 6. Bc4 Bb4 7. Bxf7 Rf8
8. Bb3 Nxe4 9. Nge2 Nxf2 10. Rf1 Ng4 11. Bg5+ Ke8 12. Rxf8+ Bxf8 13. O-O-O Bd6
14. Nb5 h6 15. Bh4 g5 16. Bg3 Ke7 17. Rxd6 cxd6 18. Nc7 Kd7 19. Nxa8 b5 20. Nc3
Bb7 21. Bd5 Nc6 22. Nxb5 Bxa8 23. Nxa7 Ne3 24. Bf3 g4 25. Be4 Nxa7 26. Bxa8 Nc6
27. Kd2 Nc4+ 28. Kc3 Nb6 29. Bxc6+ Kxc6 30. Kd3 h5 31. b3 Nd5 32. a4 Nb4+ 33.
Kc3 Nd5+ 34. Kd2 Kc5 35. c3 Nf6 36. Bf2+ Kc6 37. Kd3 Nd5 38. g3 Ne7 39. b4 d5
40. b5+ Kb7 41. a5 e4+ 42. Kd4 Nf5+ 43. Ke5 e3 44. Be1 Ne7 45. Ke6 Ng6 46. Kxd5
h4 47. gxh4 Nf4+ 48. Ke4 Ng2 49. Bg3 e2 50. a6+ Kc8 51. h5 e1=Q+ 52. Bxe1 Nxe1
53. h6 Nf3 54. Kf4 1-0

[Event "78th ch-ESP 2013"]
[Site "Linares ESP"]
[Date "2013.08.30"]
[Round "2.2"]
[White "Chueca Forcen, Alberto"]
[Black "Salgado Lopez, Ivan"]
[Result "0-1"]
[WhiteElo "2313"]
[BlackElo "2614"]
[PlyCount "96"]
[EventDate "2013.08.29"]

1. e4 c5 2. d4 cxd4 3. c3 dxc3 4. Nxc3 Nc6 5. Nf3 d6 6. Bc4 a6 7. O-O Nf6 8.
Bf4 Bg4 9. h3 Bh5 10. Qb3 Na5 11. Qa4+ b5 12. Bxb5+ axb5 13. Nxb5 Nc6 14. Qxa8
Qxa8 15. Nc7+ Kd7 16. Nxa8 e5 17. Be3 Nxe4 18. Nb6+ Kc7 19. Nd5+ Kb7 20. b4 f5
21. Nd2 Bf7 22. Nxe4 Bxd5 23. Nc3 Bc4 24. Rfd1 f4 25. Bd2 g5 26. b5 Nd4 27. a4
Be7 28. a5 Ra8 29. b6 d5 30. Na4 Nb3 31. Rab1 Nxd2 32. Rxd2 Rxa5 33. Nc3 h6 34.
Kh2 Bd6 35. Ne4 Bb8 36. Nf6 e4 37. Nxe4 dxe4 38. Rd7+ Ka8 39. Rb4 Bd5 40. Rh7
f3+ 41. g3 e3 42. fxe3 f2 43. Rb1 f1=Q 44. Rxf1 Ra2+ 45. Kg1 Rg2+ 46. Kh1 Rxg3+
47. Kh2 Rg2+ 48. Kh1 Ra2+ 0-1

[Event "78th ch-ESP 2013"]
[Site "Linares ESP"]
[Date "2013.08.30"]
[Round "2.4"]
[White "Andres Gonzalez, Ivan"]
[Black "Arizmendi Martinez, Julen Luis"]
[Result "1/2-1/2"]
[WhiteElo "2311"]
[BlackElo "2577"]
[PlyCount "106"]
[EventDate "2013.08.29"]

1. e4 e6 2. d4 d5 3. Nc3 Bb4 4. e5 c5 5. dxc5 Ne7 6. Nf3 Nd7 7. Bd3 Qc7 8. O-O
Bxc3 9. bxc3 Nxc5 10. c4 Bd7 11. Re1 Ba4 12. Qe2 O-O 13. Ba3 h6 14. cxd5 exd5
15. Nd4 Bd7 16. Qe3 Rac8 17. Nb3 b6 18. Nd4 Rfd8 19. Ba6 Nxa6 20. Bxe7 Re8 21.
Bd6 Qc3 22. Rab1 Rc4 23. Qxc3 Rxc3 24. Rb3 Rec8 25. f4 R3c4 26. Rd1 Nc5 27. Ra3
Bg4 28. Rd2 Ne4 29. Rdd3 a5 30. h3 Bd7 31. Rab3 Ba4 32. Nf5 Kh7 33. Ne7 Bxb3
34. axb3 Rxc2 35. Nxc8 Rxc8 36. Rxd5 Nc3 37. Rd3 Ne2+ 38. Kf1 Nxf4 39. Rf3 Rc1+
40. Kf2 Rc2+ 41. Kf1 Rc1+ 42. Kf2 g5 43. g3 Nxh3+ 44. Kg2 g4 45. Rxf7+ Kg6 46.
Rf6+ Kh5 47. Bf8 Re1 48. Rxh6+ Kg5 49. Rxb6 Re2+ 50. Kh1 Re1+ 51. Kg2 Re2+ 52.
Kh1 Re1+ 53. Kg2 Re2+ 1/2-1/2

[Event "78th ch-ESP 2013"]
[Site "Linares ESP"]
[Date "2013.08.30"]
[Round "2.5"]
[White "Nicolas Zapata, Irene"]
[Black "Perez Candelario, Manuel"]
[Result "0-1"]
[WhiteElo "2253"]
[BlackElo "2569"]
[PlyCount "58"]
[EventDate "2013.08.29"]

1. d4 Nf6 2. Nf3 g6 3. c4 Bg7 4. g3 O-O 5. Bg2 d6 6. O-O Nbd7 7. Nc3 e5 8. dxe5
dxe5 9. h3 c6 10. Be3 Qe7 11. Qb3 Nh5 12. c5 Ndf6 13. Qa3 Nd5 14. Bg5 Nhf6 15.
Nxd5 cxd5 16. Rfd1 e4 17. Nd4 Bd7 18. Rac1 Rfc8 19. b4 h6 20. Bf4 Ne8 21. Qb3
g5 22. Qxd5 gxf4 23. Qxb7 fxg3 24. c6 Bxd4 25. Rxd4 Qg5 26. Rc5 Qf6 27. Rd1
Qxf2+ 28. Kh1 Bxh3 29. Rg1 Bxg2+ 0-1